000 00306pab a2200145 454500
008 180718b1995 xxu||||| |||| 00| 0 eng d
100 _aGujral, Satish
245 _aSearch for roots
260 _c1995
300 _a37-9
362 _aAug.
650 _aArchitecture
773 _aSeminar
909 _a3980
999 _c3980
_d3980